Where the wild things are (Registro nro. 48992)
[ vista simple ]
| 000 -LÍDER | |
|---|---|
| Campo fijo de descripción fija | 00649nam a2200217 i 4500 |
| 001 - NÚMERO DE CONTROL | |
| Campo de control | BINCO |
| 003 - IDENTIFICADOR DEL NÚMERO DE CONTROL | |
| Campo de control | CO-MdBIC |
| 005 - FECHA Y HORA DE LA ULTIMA TRANSACCIÓN | |
| control field | 20200320124745.0 |
| 008 - ELEMENTOS DE LONGITUD FIJA -- INFORMACIÓN GENERAL | |
| Campo fijo de descripción fija -- Información general | 200320t1963 us a||ab |||| 00| j eng d |
| 020 ## - NÚMERO INTERNACIONAL NORMALIZADO PARA LIBROS | |
| Número Internacional Normalizado del libro | 0-590-04513-X |
| 040 ## - FUENTE DE CATALOGACIÓN | |
| Agencia de catalogación original | CO-MdBIC |
| Idioma de catalogación | spa. |
| Agencia que realiza la transcripción | CO-MdBIC |
| Agencia que realiza la modificación | CO-MdBIC |
| 041 ## - CÓDIGO DE IDIOMA | |
| Código de idioma para texto/pista de sonido o título separado | eng |
| 082 04 - NÚMERO DE CLASIFICACIÓN DECIMAL DEWEY | |
| Número de clasificación | 813C |
| Número de la edición del Dewey | 22 |
| Clave de autor-Numero de item | Se55w |
| 100 1# - ASIENTO PRINCIPAL--NOMBRE PERSONAL | |
| Nombre personal | Sendak, Maurice |
| Título de una obra | Where the wild things are |
| 245 10 - TÍTULO | |
| Título del Material | Where the wild things are |
| Mención de responsabilidad, etc. | / historia y ilustraciones Maurice Sendak |
| 260 ## - PUBLICACIÓN, DISTRIBUCIÓN, ETC. (PIE DE IMPRENTA) | |
| Lugar de publicación, distribución, etc. | New York: Scholastic INC. |
| 300 ## - DESCRIPCIÓN FÍSICA | |
| Extensión | [38 páginas] : |
| Otros detalles físicos | ilustraciones a color , |
| Dimensiones | 25cm. |
| 500 ## - NOTA GENERAL | |
| Nota General | Libro albúm |
| 650 14 - ASIENTO SECUNDARIO DE MATERIA - TERMINO TEMÁTICO | |
| Término temático o nombre geográfico como elemento de entrada | Cuento Contemporaneo |
| 942 ## - TIPO DE MATERIAL (KOHA) | |
| Tipo de Item KOHA | Z- Libro General BINCO |
| Estado de Material | Estado de Perdido | Forma de Clasificación | Estado de Dañado | No para Préstamo | Colección | Tomo | Biblioteca de Origen | Biblioteca Permanente | Ubicación en Estantería | Fecha de Adquisición | Área | Total de Préstamos | Signatura Topográfica | Código de Barras | Última vez visto | Última vez Préstado | Ejemplar/Existencia | Fecha de Remplazo | Tipo de Material |
|---|---|---|---|---|---|---|---|---|---|---|---|---|---|---|---|---|---|---|---|
| Dewey Decimal Classification | Colección Junior | Biblioteca Infantil Comunitaria BINCO | Biblioteca Infantil Comunitaria BINCO | Inglés | 06/12/2008 | BINCO | 1 | 813C Se55w | B31809 | 12/09/2017 | 30/08/2017 | 1 | 26/01/2016 | Z- Libro General BINCO |
